000 00602nam a22002057a 4500
005 20241213102206.0
008 241213b ||||| |||| 00| 0 eng d
040 _cAL
041 _aEnglish
082 _223
_a348.04
_bEASS
100 _aEastern Book Company
_9190655
245 _aSupreme Court Cases: Vol 1
260 _aLucknow
_bEastern Book Company
_c1985
300 _axvi,767 p.
_bHB
_c24x16 cm.
365 _a1061
_b₹959.52
_c
_d₹1279.36
_e25%
_f28-11-2024
440 _aVolume 1
_9190656
650 _aLaw
_9190657
650 _aMode of Citation (1985) 1 SCC
_9190658
942 _2ddc
_cBI
999 _c232804
_d232804